000 00801nam a2200193Ia 4500
008 100122s9999 xx 000 0 und d
082 _b68262
_a923.854
100 _aलाला रुसी
245 _aसमृध्दीच्या मार्गावर
260 _bउत्कर्ष प्रकाशन
_c2005
300 _a287
520 _aटाटा उद्योग समुहाची यशोगाथा
620 _aटाटा उद्योग समुहाची यशोगाथा
630 _aसमृध्दीच्या मार्गावर
700 _aउर्ध्वरेषे बाळ
700 _aभागवत आनंद
730 _aसमृध्दीच्या मार्गावर
942 _cBOOK
999 _c439978
_d439975